Democratization of the state: a global perspective and South African case study (Record no. 63806)

000 -LEADER
fixed length control field 01773pab a2200169 454500
008 - FIXED-LENGTH DATA ELEMENTS--GENERAL INFORMATION
fixed length control field 180718b2004 xxu||||| |||| 00| 0 eng d
100 ## - MAIN ENTRY--PERSONAL NAME
Personal name Harris, Richard L.
245 ## - TITLE STATEMENT
Title Democratization of the state: a global perspective and South African case study
260 ## - PUBLICATION, DISTRIBUTION, ETC.
Date of publication, distribution, etc. 2004
300 ## - PHYSICAL DESCRIPTION
Extent p.1061-1100.
520 ## - SUMMARY, ETC.
Summary, etc. This essay provides a global perspective on the democratic transformation of the state in societies undergoing democratization. Comparative research indicates that the development and effective performance of democratic political systems require the establishment of honest and competent public bureaucracies that avoid political partisanship and demonstrate respect for the diverse values and interests of the population they serve. Especially important in democratizing the state is the development and practice of the norms of secondary democracy. The practice of these norms of mutual respect, fairness, and collaboration create the essential culture of modus vivendi of democracy. The Republic of South Africa is analyzed as an important case study of contemporary state that is attempting to create a democratic and corruption - free public service in a country with an extremely racist, authoritarian, and corruption-ridden past. This case study reveals that the democratization of the state in South Africa, as in the case of other countries around the world, requires the members of the state bureaucracy to practice the norms of secondary democracy in their daily relations with one another and in their relations with the citizenry. - Reproduced.
650 ## - SUBJECT ADDED ENTRY--TOPICAL TERM
Topical term or geographic name entry element Democratization - Case studies
650 ## - SUBJECT ADDED ENTRY--TOPICAL TERM
Topical term or geographic name entry element Democratization - South Africa
650 ## - SUBJECT ADDED ENTRY--TOPICAL TERM
Topical term or geographic name entry element Democratization
773 ## - HOST ITEM ENTRY
Main entry heading International Journal of Public Administration
909 ## -
-- 63806
Holdings
Withdrawn status Lost status Damaged status Not for loan Permanent Location Current Location Date acquired Serial Enumeration / chronology Barcode Date last seen Price effective from Koha item type
        Indian Institute of Public Administration Indian Institute of Public Administration 2018-07-19 Volume no: 27, Issue no: 13-14 AR64256 2018-07-19 2018-07-19 Articles

Powered by Koha